000 00927cam a2200217 4500
001 L127918
008 041108n2005 000 0 eng u
020 _a1842192078
035 _a(Sirsi) u127918
041 _aeng
100 1 _aEl-Masri, Souheil
245 0 0 _aTowards intelligent urban sustainability
_ba review of initiatives and future prospects in Bahrain
260 _aLondon
_bRICS Foundation
_c2005
490 0 _aCOBRA
_v2005
520 _aDiscusses the need to stress the complexity, dynamics and interrelations of socio-cultural, economic and environmental developments in urban development and planning. Discusses the relevance of environmental awareness, urban conservation and decentralisation policies.
590 _aKA
651 4 _aBAHRAIN
690 _aENVIRONMENTAL AND LAND CONSULTANCY-SUSTAINABILITY
711 2 _aConstruction and Building Research Conference
_n(10th
_d2005
_cLondon)
942 _n0
999 _c103838
_d103838